000 00820nam a22002537a 4500
003 OSt
005 20220924113658.0
006 a|||||r|||| 00| 0
007 ta
008 220923b |||||||| |||| 00| 0 hin d
024 _a242659
037 _cGeneral Books
040 _aARTS
_cARTS
_bhin
041 _2hin
_ahin
082 _aV2:72:C76, 152J2
100 _aउपाध्याय, हरिभाऊ
245 0 _aप्रियदर्शी अशोक
246 _aPriyadarshī ashoka
250 _a3 संस्करण
260 _aइलाहाबाद,
_b हिन्दी प्रकाशन मंदिर
_c1952
300 _a257पृ0
942 _hV2:72:C76, 152J2
_cGB
_2CC
999 _c390442
_d390442